Statistics for September 16th: Birthdays

Click here to take the quiz!

General Stats

  • This quiz has been taken 5 times
  • The average score is 3 of 14

Answer Stats

YearClueAnswer% Correct
1992Part of The Jonas BrothersNick Jonas
100%
1971Actor in Parks and RecreationAmy Poehler
60%
1956MagicianDavid Copperfield
40%
1875Founded J C PenneyJames Cash Penney
40%
1925Artist of The Thrill is GoneB.B. King
20%
1958Baseball PitcherOrel Hershiser
20%
1959Player for the Montreal ExposTim Raines
20%
1944Won 3 Olympic gold 1972Ard Schenk
0%
1858British Prime MinisterBonar Law
0%
1822Founded the Central Pacific RailroadCharles Crocker
0%
1934Basketball Hall of Fame small forwardElgin Baylor
0%
1891Nazi leaderKarl Dönitz
0%
1923Prime Minister of SingaporeLee Kuan Yew
0%
1948Won 12 Grand Slam doubles titlesRosemary Casals
0%

Score Distribution

Percentile by Number Answered

Percent of People with Each Score

Your Score History

You have not taken this quiz